=LDR 00000nam 2200000 4500 =001 INLIS000000000810134 =005 20251027090412 =035 ##$$a 0010-1025000117 =007 ta =008 251027###########################0###### =082 ##$$a 297.382 =084 ##$$a 297.382 SUL ab =245 ##$$a Panduan Mendidik Anak Muslim Usia Pra Sekolah 2 /$c Abu Amr Ahmad Sulaiman =260 ##$$a Jakarta : :$b Darul Haq,